Hume's moraltheory : (Record no. 704)
[ view plain ]
| 000 -LEADER | |
|---|---|
| fixed length control field | 00420nam a2200169Ia 4500 |
| 005 - DATE AND TIME OF LATEST TRANSACTION | |
| control field | 20240625080530.0 |
| 008 - FIXED-LENGTH DATA ELEMENTS--GENERAL INFORMATION | |
| fixed length control field | 240331s9999 xx 000 0 und d |
| 020 ## - INTERNATIONAL STANDARD BOOK NUMBER | |
| ISBN | 041510436X |
| 082 ## - DDC Classification | |
| Class No. | 100 |
| Item Number - Author Mark | MAC |
| 100 ## - MAIN ENTRY--PERSONAL NAME | |
| Personal name | Mackie, J.L |
| 245 #0 - TITLE STATEMENT | |
| Title | Hume's moraltheory : |
| Remainder of title | intrenational library of philosophy |
| 250 ## - EDITION STATEMENT | |
| Edition statement | 1 st |
| 260 ## - PUBLICATION, DISTRIBUTION, ETC. | |
| Place of publication, distribution, etc. | London |
| Name of publisher, distributor, etc. | Routledge |
| Date of publication, distribution, etc. | 1980 |
| 300 ## - PHYSICAL DESCRIPTION | |
| Extent (e.g. Volumes, Pages etc.) | 166 p ., |
| 650 ## - SUBJECT ADDED ENTRY--TOPICAL TERM | |
| Topical term or geographic name entry element | moral theory |
| 942 ## - Koha item type (Biblio) | |
| Koha item type | Books in Stacks (Lending) |
| Lost status | Damaged status | Collection code | Home library | Current library | Shelving location | Date acquired | Full call number | Accession Number | Item type |
|---|---|---|---|---|---|---|---|---|---|
| Lending | WERC Library | WERC Library | Social Science Cupboard | 03/31/2024 | 100 MAC | 5046 | Books in Stacks (Lending) |
